Organisationsstruktur: Behandlungsmaßnahmen und Veränderungen bei Insassen in einer sozialtherapeutischen Anstalt

Gespeichert in:  
Bibliographische Detailangaben
VerfasserInnen: Dünkel, Frieder 1950- (Verfasst von) ; Nemec, Roland (Verfasst von) ; Rosner, Anton (Verfasst von)
Medienart: Druck Aufsatz
Sprache:Deutsch
Veröffentlicht: 1986
In: Monatsschrift für Kriminologie und Strafrechtsreform
Jahr: 1986, Band: 69, Heft: 1, Seiten: 1-21
Verfügbarkeit prüfen: HBZ Gateway
Schlagwörter:

MARC

LEADER 00000caa a2200000 c 4500
001 1630639222
003 DE-627
005 20220607122525.0
007 tu
008 120328s1986 xx ||||| 00| ||ger c
035 |a (DE-627)1630639222 
035 |a (DE-576)362708630 
035 |a (DE-599)BSZ362708630 
040 |a DE-627  |b ger  |c DE-627  |e rakwb 
041 |a ger 
100 1 |a Dünkel, Frieder  |d 1950-  |0 (DE-588)121514056  |0 (DE-627)081357060  |0 (DE-576)160794080  |4 aut 
109 |a Dünkel, Frieder 1950- 
245 1 0 |a Organisationsstruktur  |b Behandlungsmaßnahmen und Veränderungen bei Insassen in einer sozialtherapeutischen Anstalt  |c Frieder Dünkel; Roland Nemec; Anton Rosner 
264 1 |c 1986 
336 |a Text  |b txt  |2 rdacontent 
337 |a ohne Hilfsmittel zu benutzen  |b n  |2 rdamedia 
338 |a Band  |b nc  |2 rdacarrier 
700 1 |a Nemec, Roland  |4 aut 
700 1 |a Rosner, Anton  |4 aut 
773 0 8 |i In  |t Monatsschrift für Kriminologie und Strafrechtsreform  |d Berlin : Walter de Gruyter GmbH, 1953  |g 69(1986), 1, Seite 1-21  |w (DE-627)129082368  |w (DE-600)3659-6  |w (DE-576)014415364  |x 0026-9301  |7 nnas 
773 1 8 |g volume:69  |g year:1986  |g number:1  |g pages:1-21 
951 |a AR 
ELC |b 1 
LOK |0 000 xxxxxcx a22 zn 4500 
LOK |0 001 3280349028 
LOK |0 003 DE-627 
LOK |0 004 1630639222 
LOK |0 005 20250508095037 
LOK |0 008 120328||||||||||||||||ger||||||| 
LOK |0 040   |a DE-21-110  |c DE-627  |d DE-21-110 
LOK |0 689   |a s  |a Behandlung 
LOK |0 689   |a s  |a Strafvollzug 
LOK |0 689   |a s  |a Sozialtherapeutische Anstalten 
LOK |0 852   |a DE-21-110 
LOK |0 852 1  |m p  |9 00 
LOK |0 935   |a k110 
LOK |0 938   |k p 
LOK |0 939   |a 28-03-12  |b l01 
ORI |a SA-MARC-krimdoka001.raw